| 000 | 00993nam a2200229 a 4500 | ||
|---|---|---|---|
| 001 | 000039954 | ||
| 005 | 20201002033829.0 | ||
| 008 | 130731s1946 sp 000 0 spa d | ||
| 040 |
_aDO-SdBNP _bspa _cBNPHU |
||
| 082 |
_a868 _bB264o |
||
| 100 | 1 |
_aBaroja, Pio _d1852-1956 _966169 |
|
| 245 | 1 | 0 |
_aObras completas / _cPio Baroja. |
| 260 |
_aMadrid : _bBiblioteca Nueva, _c1946-. |
||
| 300 |
_a8v. ; _c23 cm. |
||
| 500 | _aLa biblioteca posee v. 1-8 | ||
| 505 | 0 |
_gv.1 . _tLas trilogías -- _gv.2. _tLa vida fantástica -- _gv.3. _tMemorias de un hombre de acción -- _gv.4. _tMemorias de un hombre de acción. Biografías _gv.5. _tEnsayos -- _gv.6. _tLa vida fantástica. Vidas sombrías. Otros cuentos. Teatro _gv.7. _tNovelas. Memorias -- _gv.8. _tNovelas. Teatro. Ensayos. Otros ensayos. Poesias. |
|
| 650 | 4 |
_aLiteratura española _9632 |
|
| 650 | 4 |
_aNovelas españolas _966170 |
|
| 650 | 4 |
_aEnsayos españoles _93095 |
|
| 650 | 4 |
_aCuentos españoles _93194 |
|
| 910 | _aValidado. Control de calidad MFF | ||
| 999 |
_c39444 _d39444 |
||